|
|
|
|
| LEADER |
00000nam a2200000 a 4500 |
| 001 |
vtls001078593 |
| 003 |
SK-MaSNL |
| 005 |
20260301000758.0 |
| 008 |
250414s1994 xo slo |
| 015 |
|
|
|a SNBA1995/05
|
| 020 |
|
|
|a 8071371793
|
| 035 |
|
|
|a SNK000021428
|
| 035 |
|
|
|a urn:nbn:sk:snk-amlhfr
|
| 035 |
|
|
|a urn:nbn:sk:snk-am00bqcv
|
| 035 |
|
|
|a 3BD22E45-D6C5-4DAC-B1DA-C628F5CA3490
|
| 040 |
|
|
|a SNK
|b slo
|c SNK
|e AACR2
|
| 041 |
0 |
|
|a slo
|
| 044 |
|
|
|a xo
|c SK
|
| 080 |
|
|
|a 633.1(075.8)
|2 1981
|
| 100 |
1 |
|
|a Karabínová, Mária,
|d 1940-2006
|4 aut
|9 228960
|
| 245 |
1 |
0 |
|a Špeciálna rastlinná výroba - obilniny
|c Mária Karabinová ; Aut. František Adamovský, Zdenka Gromová, Jozef Húska, Ladislav Illéš, Juliana Molnárová
|
| 250 |
|
|
|a 1. vyd.
|
| 260 |
|
|
|a Nitra
|b Vysoká škola poľnohospodárska
|c 1994
|e Nitra
|f Edičné stredisko VŠP
|
| 300 |
|
|
|a 205 s., 13,10 AH, 13,40 VH
|b Tab., lit. 27 zázn. v češ. a slov.
|c 29 cm
|
| 366 |
|
|
|e 250 výt.
|
| 500 |
|
|
|a Schválil rektor VŠP v Nitre ako skriptá
|
| 655 |
|
7 |
|a učebnice vysokých škôl
|2 SNKPH
|9 70191
|
| 700 |
1 |
|
|a Adamovský, František,
|d 1930-2010
|4 aut
|9 185651
|
| 700 |
1 |
|
|a Gromová, Zdenka
|4 aut
|9 5903
|
| 700 |
1 |
|
|a Húska, Jozef
|4 aut
|9 275013
|
| 700 |
1 |
|
|a Illéš, Ladislav
|4 aut
|9 9850
|
| 700 |
1 |
|
|a Molnárová, Juliana,
|d 1948-
|4 aut
|9 8629
|
| 852 |
|
|
|a Slovenská národná knižnica
|
| 919 |
|
|
|a 80-7137-179-3
|
| 954 |
|
|
|a výroba rastlinná
|a obilniny
|
| 958 |
0 |
7 |
|a RM
|
| 958 |
0 |
7 |
|a NB
|
| 958 |
0 |
7 |
|a UV
|
| 999 |
|
|
|c 533491
|d 535421
|
| 952 |
|
|
|t P60, <04>, [BOOK], {604}
|a SNK
|b SNK
|y VYP
|7 0
|p 17A0255284
|o snkSB 53907 D1
|0 0
|1 0
|4 0
|d 1997-01-17
|l 0
|r 2004-12-31 00:00:00
|w 2026-02-23
|
| 952 |
|
|
|a SNK
|b SNK
|y PREZ
|7 0
|p 17A0906471
|o snkSB 53907
|0 0
|1 0
|4 0
|d 2012-08-02
|f 1
|l 0
|r 2025-03-26 00:00:00
|w 2026-02-23
|